|
|
|
|
| LEADER |
01215naa a2200253 i 4500 |
| 001 |
acta77252 |
| 005 |
20221123130827.0 |
| 008 |
221123s2009 hu o 1|| eng d |
| 020 |
|
|
|a 978-963-88468-3-9
|
| 040 |
|
|
|a SZTE Egyetemi Kiadványok Repozitórium
|b hun
|
| 041 |
|
|
|a eng
|
| 100 |
1 |
|
|a Ferenci Tamás
|
| 245 |
1 |
0 |
|a Using massively parallel processing in the testing of the robustness of statistical tests with Monte Carlo simulation
|h [elektronikus dokumentum] :
|b [absztrakt] /
|c Ferenci Tamás
|
| 260 |
|
|
|a Universitas Szeged Press
|b Szeged
|c 2009
|
| 300 |
|
|
|a 235-236
|
| 490 |
0 |
|
|a Challenges for Analysis of the Economy, the Businesses, and Social Progress : abstract book
|
| 650 |
|
4 |
|a Természettudományok
|
| 650 |
|
4 |
|a Matematika
|
| 650 |
|
4 |
|a Társadalomtudományok
|
| 650 |
|
4 |
|a Szociológia
|
| 695 |
|
|
|a Statisztika - módszertan - előadáskivonat, Monte Carlo módszer - előadáskivonat
|
| 700 |
0 |
1 |
|a Kotosz Balázs
|e aut
|
| 711 |
|
|
|a Challenges for Analysis of the Economy, the Businesses, and Social Progress International Scientific Conference
|c Szeged
|d 2009. november 19-21.
|
| 856 |
4 |
0 |
|u http://acta.bibl.u-szeged.hu/77252/1/challenges_for_analysis_of_the_economy_235-236.pdf
|z Dokumentum-elérés
|